Historia - prawda czy fałsz #3 - Statystyki

Ogólne statystyki
  • Ten quiz został rozwiązany 7 094 razy
  • Średni wynik to 11 z 16
Statystyki odpowiedzi
Zagadnienie Odpowiedź % Poprawnych
Titanic zatonął podczas swojej pierwszej podróży przez Atlantyk. Prawda
90%
Maria Skłodowska-Curie odkryła penicylinę. Fałsz
88%
Istnieją dowody na to, że ludzie polowali na mamuty włochate. Prawda
82%
Większość terytorium Francji była kiedyś częścią Imperium Rzymskiego. Prawda
81%
Do XIX wieku włoskie zespoły operowe zatrudniały „kastratów” - mężczyzn, którzy zostali wykastrowani jako dzieci, aby mieli wysokie głosy. Prawda
79%
„Trzej muszkieterowie” to przykład literatury z gatunku swashbuckler (awanturniczej). Prawda
76%
W masakrze na placu Tiananmen zginęły tylko cztery osoby. Fałsz
73%
Guy Fawkes był protestanckim aktywistą. Fałsz
71%
Mongołowie podbili Japonię. Fałsz
71%
W średniowieczu był czas, gdy papieże mieszkali we Francji, a nie w Rzymie. Prawda
69%
George Washington był osobą głuchą. Fałsz
68%
Indie nigdy nie były zaangażowane w wojnę od uzyskania niepodległości w 1947 roku. Fałsz
58%
Po roku 1 p.n.e. następuje rok 0 n.e. Fałsz
56%
Legenda o Herkulesie była dobrze znana w starożytnym Rzymie. Prawda
56%
Nie wiemy, czy Homer naprawdę istniał. Prawda
52%
Król Artur został pochowany w Opactwie Westminsterskim. Fałsz
44%
Nie znaleziono quizów pasujących do podanych kryteriów
Rozkład punktacji
Procent ludzi z każdym wynikiem
Percentyl według liczby udzielonych odpowiedzi
Twoja historia wyników
Nie rozwiązałeś tego quizu